000 00277nam a22000977a 4500
008 170218b xxu||||| |||| 00| 0 eng d
100 _aLesgor, Raoul
245 _aThe France & Colonies Specialist
260 _aHolmes, NY
_bNassau Stamp Co.
_c1949
650 _aFrance | French Colonies
999 _c2271
_d2271